[Event "WY BU18 2012"]
[Site "Maribor SLO"]
[Date "2012.11.09"]
[Round "2.22"]
[White "Krzyzanowski,M"]
[Black "Naoum,S"]
[Result "1/2-1/2"]
[WhiteElo "2357"]
[BlackElo "2184"]

1.e4 c5 2.Nf3 e6 3.d4 cxd4 4.Nxd4 a6 5.Bd3 Bc5 6.Nb3 Be7 7.Qg4 g6 8.Qe2 d6
9.O-O Nd7 10.Na3 Qc7 11.Nc4 b6 12.a4 Bb7 13.a5 b5 14.Nb6 Rb8 15.Nxd7 Qxd7
16.Rd1 Qc7 17.Be3 Nf6 18.Bb6 Qc6 19.Rac1 O-O 20.Nd4 Qd7 21.c4 bxc4 22.Bxc4 Rfc8
23.Bxa6 Bxa6 24.Qxa6 Nxe4 25.Qb5 Qxb5 26.Rxc8+ Rxc8 27.Nxb5 d5 28.a6 Nd6
29.Nxd6 Bxd6 30.Be3 Ra8 31.a7 Kf8 32.Rd3 Ke7 33.Rb3 Kd7 34.f4 Kc6 35.g3 f6
36.Rc3+ Kb7 37.Rb3+ Kc6 38.Rc3+ Kb7 39.Rd3 Kc6 40.Rc3+  1/2-1/2

[Event "Subzonal 2.3 2012"]
[Site "Pamplona COL"]
[Date "2012.11.09"]
[Round "9.6"]
[White "Escobar Forero,A"]
[Black "Torres,Ju2"]
[Result "1-0"]
[WhiteElo "2469"]
[BlackElo "2316"]

1.e4 c5 2.Nf3 e6 3.d4 cxd4 4.Nxd4 a6 5.Bd3 Nf6 6.O-O Qc7 7.Qe2 d6 8.c4 Nbd7
9.Nc3 Be7 10.f4 O-O 11.Be3 b6 12.Rac1 Re8 13.b4 Bb7 14.g4 g6 15.g5 Nh5 16.Qf2 Ng7
17.Nde2 Rab8 18.Ng3 Qd8 19.a3 a5 20.Nb5 axb4 21.axb4 d5 22.cxd5 exd5 23.Nc7 Rf8
24.Qb2 dxe4 25.Bb5 Nc5 26.bxc5 Qxc7 27.cxb6 Qd6 28.Rfd1 Qa3 29.Qxa3 Bxa3
30.Rc3 Be7 31.Rc7 Rfd8 32.Rdd7 Rxd7 33.Rxd7 Kf8 34.Bd4 Ne6 35.Be5 Bc5+ 36.Kf1 Bc6
37.Bxc6 Rxb6 38.Bxe4 Be3 39.Bd5  1-0

[Event "WY GU18 2012"]
[Site "Maribor SLO"]
[Date "2012.11.11"]
[Round "4.17"]
[White "Klek,H"]
[Black "Turkova,K"]
[Result "1-0"]
[WhiteElo "2254"]
[BlackElo "1993"]

1.e4 c5 2.Nf3 e6 3.d4 cxd4 4.Nxd4 a6 5.Bd3 Nf6 6.O-O e5 7.Nb3 Nc6 8.c4 d6
9.Nc3 Be6 10.a4 a5 11.Nd5 Bxd5 12.cxd5 Nb4 13.Bb5+ Nd7 14.f4 Be7 15.fxe5 O-O
16.exd6 Bxd6 17.Bf4 Qb6+ 18.Kh1 Bxf4 19.Rxf4 Ne5 20.Rf5 Ng6 21.Qd2 Rac8 22.Rc1 Ne7
23.Rff1 Rfd8 24.Nc5 Qg6 25.Nxb7 Qxe4 26.Nxd8 Rxd8 27.d6 Ned5 28.d7 Nf6 29.Rc8 Qe7
30.Re1  1-0

[Event "WY GU16 2012"]
[Site "Maribor SLO"]
[Date "2012.11.11"]
[Round "4.10"]
[White "Shamatava,A"]
[Black "Tomin,Ks"]
[Result "1-0"]
[WhiteElo "2072"]
[BlackElo "1951"]

1.e4 c5 2.Nf3 e6 3.d4 cxd4 4.Nxd4 a6 5.Bd3 Bc5 6.Nb3 Be7 7.c4 d6 8.Nc3 Nf6
9.O-O O-O 10.Be3 b6 11.f4 Qc7 12.Qf3 Bb7 13.Qh3 Nbd7 14.Rae1 e5 15.Nd5 Qd8
16.Nd2 Rc8 17.Kh1 Re8 18.f5 Bf8 19.g4 Nxd5 20.cxd5 Be7 21.Nf3 Nf8 22.g5 b5
23.Rg1 Qd7 24.Rg4 Bd8 25.Nh4 a5 26.f6 g6 27.Rf1 h5 28.gxh6 Kh7 29.Qg3 b4
30.Ng2 Rb8 31.h4 Bc8 32.Be2 Qb7 33.Rg5 Nd7 34.h5 Rg8 35.hxg6+ Rxg6 36.Nh4 Bxf6
37.Nxg6 Bxg5 38.Rxf7+  1-0

[Event "WY BU16 2012"]
[Site "Maribor SLO"]
[Date "2012.11.11"]
[Round "4.5"]
[White "Chigaev,M"]
[Black "Amstadt,A"]
[Result "1-0"]
[WhiteElo "2457"]
[BlackElo "2273"]

1.e4 c5 2.Nf3 e6 3.d4 cxd4 4.Nxd4 a6 5.Bd3 Nf6 6.O-O Qc7 7.Qe2 d6 8.c4 Be7
9.b3 Nc6 10.Nxc6 bxc6 11.Bb2 e5 12.Nc3 O-O 13.Na4 a5 14.c5 dxc5 15.Rac1 Be6
16.Nxc5 Bxc5 17.Rxc5 Nd7 18.Rc3 Qb7 19.Bc4 Bxc4 20.Qxc4 Rfc8 21.Rd3 Nb6 22.Qc5 f6
23.Rfd1 a4 24.Bc1 Qa6 25.Be3 axb3 26.axb3 Rab8 27.Qd6 Qb7 28.Qe6+ Qf7 29.Qxc8+ Nxc8
30.Rd8+ Qf8 31.Bc5 Qxd8 32.Rxd8+ Kf7 33.b4 Ra8 34.g3 Ke6 35.Kg2 Rb8 36.Rh8 h6
37.h4 Ra8 38.Re8+ Kf7 39.Rd8 Ke6 40.h5 Rb8 41.Kh3 Ra8 42.Kg4 Rb8 43.f4 exf4
44.gxf4  1-0

[Event "Brno Open 2012"]
[Site "Brno CZE"]
[Date "2012.11.12"]
[Round "3"]
[White "Korinkova,Eva"]
[Black "Svobodova,M"]
[Result "0-1"]
[WhiteElo "1813"]
[BlackElo "2019"]

1.e4 c5 2.Nf3 e6 3.d4 cxd4 4.Nxd4 a6 5.Bd3 Bc5 6.Nb3 Ba7 7.O-O Nc6 8.c4 d6
9.Nc3 Nf6 10.Qe2 O-O 11.Be3 Bxe3 12.Qxe3 Ne5 13.f3 Qc7 14.Rfd1 Rd8 15.Qe2 Bd7
16.Kh1 Rac8 17.Nd2 Bc6 18.Nf1 Nxd3 19.Rxd3 d5 20.exd5 exd5 21.Rd4 dxc4 22.Qxc4 Rxd4
23.Qxd4 Rd8 24.Qf2 Qf4 25.h3 h5 26.Qg3 Qxg3 27.Nxg3 Rd2 28.Rb1 g5 29.Nf1 Rd8
30.Rd1 Re8 31.Nh2 Kg7 32.Kg1 Kg6 33.Kf2 Re6 34.Rd4 Kf5 35.g4+ Ke5 36.Rd2 h4
37.Nf1 Nd7 38.Ne3 Nf8 39.Nc4+ Kf6 40.Na5 Kg6 41.Nxc6 Rxc6 42.Ne4 Ne6 43.Kg1 Nf4
44.Kh2 Rc1 45.Rd6+ Kg7 46.Rd2 f6 47.Rd7+ Kg6 48.Rd2 Re1 49.Rc2 Re3 50.Rf2 b5
51.b3 Nd3 52.Rf1 Re2+ 53.Kg1 Rxa2 54.Nf2 Nxf2 55.Rxf2 Rxf2 56.Kxf2 a5 57.Ke3 a4
58.bxa4 bxa4 59.Kd3 Kf7 60.Kc4 Ke6 61.Kb4 Ke5  0-1

[Event "WY BU14 2012"]
[Site "Maribor SLO"]
[Date "2012.11.12"]
[Round "5.29"]
[White "Rohrer,Christophe"]
[Black "Badalyan,Shavarsh"]
[Result "0-1"]
[WhiteElo "1976"]
[BlackElo "2081"]

1.e4 c5 2.Nf3 e6 3.d4 cxd4 4.Nxd4 a6 5.Bd3 Qc7 6.O-O Nf6 7.Nc3 Nc6 8.Nxc6 dxc6
9.f4 e5 10.Qf3 h5 11.fxe5 Ng4 12.Bf4 Bc5+ 13.Kh1 Be6 14.Rad1 O-O-O 15.Na4 Ba7
16.Nc3 Nxe5 17.Qg3 f6 18.h4 Bb8 19.Be2 Qe7 20.Rxd8+ Rxd8 21.Rd1 Rxd1+ 22.Nxd1 g6
23.Bxe5 fxe5 24.a3 Bc7 25.Qf2 Qd8 26.Bd3 Bb6 27.Qg3 Qd4 28.Qe1 Bg4 29.Nc3 Qf2
30.Qxf2 Bxf2 31.Ne2 Bxh4 32.Kh2 Kc7 33.Ng1 Bf2 34.Nh3 Be3 35.b3 Kd6 36.g3 Kc5
37.Kg2 Kd4 38.Nf2 Bxf2 39.Kxf2 Kc3 40.Ke1 g5 41.a4 a5 42.Bc4 Kxc2 43.Kf2 b5
44.axb5 cxb5 45.Bxb5 Kxb3 46.Ke3 a4 47.Bc6 a3 48.Bd5+ Kb2  0-1

[Event "WY BU18 2012"]
[Site "Maribor SLO"]
[Date "2012.11.12"]
[Round "6.23"]
[White "Mons,L"]
[Black "Naoum,S"]
[Result "1-0"]
[WhiteElo "2332"]
[BlackElo "2184"]

1.e4 c5 2.Nf3 e6 3.d4 cxd4 4.Nxd4 a6 5.Bd3 Bc5 6.Nb3 Be7 7.Qg4 g6 8.Qe2 d6
9.O-O Nd7 10.Na3 Qc7 11.Nc4 b6 12.a4 Bb7 13.a5 b5 14.Nb6 Rb8 15.c4 bxc4 16.Bxc4 Ngf6
17.Be3 d5 18.exd5 exd5 19.Bd3 O-O 20.Rfc1 Qe5 21.Bd4 Qxe2 22.Bxe2 Rfe8 23.Bd3 Bd6
24.Bxf6 Nxf6 25.Nc5 Bxc5 26.Rxc5 d4 27.b4 Red8 28.b5 Be4 29.Bxe4 Nxe4 30.Re5 d3
31.Rxe4 d2 32.Rd1 Rb7 33.bxa6 Rc7 34.Kf1 f5 35.Re2 Rc1 36.Rxd2 Rxd1+ 37.Rxd1 Rxd1+
38.Ke2 Ra1 39.a7  1-0

[Event "WY GU18 2012"]
[Site "Maribor SLO"]
[Date "2012.11.12"]
[Round "6.20"]
[White "Morales Flores,Monserrat"]
[Black "Matlin,A"]
[Result "1/2-1/2"]
[WhiteElo "1881"]
[BlackElo "2064"]

1.e4 c5 2.Nf3 e6 3.d4 cxd4 4.Nxd4 a6 5.Bd3 Bc5 6.Nb3 Be7 7.Nc3 d6 8.Be3 Nd7
9.O-O b5 10.a3 Bb7 11.f4 Ngf6 12.Qe2 h5 13.h3 h4 14.Qf2 Nh5 15.Ne2 Qc7 16.Rac1 Nhf6
17.Nd2 Nc5 18.Bxc5 dxc5 19.c4 b4 20.e5 Nd7 21.Be4 Rd8 22.Bxb7 Qxb7 23.Qf3 Qxf3
24.Nxf3 a5 25.a4 f6 26.g4 hxg3 27.Kg2 Nb6 28.b3 Rd3 29.Rb1 O-O 30.Rfd1 Rfd8
31.Rxd3 Rxd3 32.Nxg3 Kf7 33.Kf2  1/2-1/2

[Event "FSIM Nov 2012"]
[Site "Budapest HUN"]
[Date "2012.11.13"]
[Round "10.1"]
[White "Hou,Qiang"]
[Black "Szeberenyi,A"]
[Result "1/2-1/2"]
[WhiteElo "2289"]
[BlackElo "2347"]

1.e4 c5 2.Nf3 e6 3.d4 cxd4 4.Nxd4 a6 5.Bd3 Bc5 6.Nb3 Ba7 7.c4 Nc6 8.O-O Nge7
9.Nc3 O-O 10.Bf4 e5 11.Bg5 f6 12.Bh4 d6 13.Kh1 Nd4 14.f3 Be6 15.Bf2 Nxb3
16.axb3 Nc6 17.Bxa7 Rxa7 18.Rf2 Qb8 19.Rd2 b6 20.Bf1 Rd8 21.h3  1/2-1/2

[Event "WY GU18 2012"]
[Site "Maribor SLO"]
[Date "2012.11.14"]
[Round "7.23"]
[White "Bezkorovaina,M"]
[Black "Forsa,E"]
[Result "1-0"]
[WhiteElo "2025"]
[BlackElo "1836"]

1.e4 c5 2.Nf3 e6 3.d4 cxd4 4.Nxd4 a6 5.Bd3 Nf6 6.O-O d6 7.Nc3 b5 8.a4 b4
9.Nce2 Bb7 10.Ng3 Nbd7 11.f4 Be7 12.Qe2 Qb6 13.Be3 Qc7 14.c4 Nc5 15.Bd2 Qb6
16.a5 Qa7 17.Kh1 Rb8 18.Be3 Qa8 19.e5 dxe5 20.fxe5 Nxd3 21.exf6 Bxf6 22.Qxd3 Bxg2+
23.Kg1 Bxf1 24.Rxf1 Rd8 25.Qd1 Qc8 26.Rxf6 gxf6 27.Qa4+ Qd7 28.Qxb4 f5 29.Nh5 Qd6
30.Nf6+ Ke7 31.Nd5+ Ke8 32.Qa4+ Rd7 33.Nf6+ Ke7 34.c5 Qc7 35.Nc6+ Kxf6 36.Qh4+ Kg7
37.Bh6+ Kg8 38.Qg5+  1-0

[Event "WY GU16 2012"]
[Site "Maribor SLO"]
[Date "2012.11.14"]
[Round "7.20"]
[White "Kostitsina,L"]
[Black "Nur,Nab"]
[Result "1-0"]
[WhiteElo "2015"]
[BlackElo "1926"]

1.e4 c5 2.Nf3 e6 3.d4 cxd4 4.Nxd4 a6 5.Bd3 Qc7 6.O-O Nf6 7.Qe2 Nc6 8.Nxc6 dxc6
9.e5 Nd7 10.f4 Be7 11.c3 g6 12.Nd2 b5 13.b3 Bb7 14.a4 Rd8 15.Bc2 h5 16.Ne4 h4
17.h3 g5 18.Nd6+ Bxd6 19.exd6 Qxd6 20.fxg5 Qe5 21.Qf2 Rf8 22.Bf4 Qc5 23.Be3 Qxc3
24.g6 f5 25.Bg5 Nf6 26.Rae1 Kd7 27.Bxf5 exf5 28.Qxf5+ Kc7 29.Bxf6 Rxf6 30.Qxf6 Qc5+
31.Kh1 Bc8 32.Qe7+ Qxe7 33.Rxe7+ Kd6 34.Rh7 Rg8 35.Rf6+ Ke5 36.Rxc6 Bf5 37.Rxh4 bxa4
38.bxa4 Bxg6 39.Rg4 Kf5 40.Rxa6  1-0

[Event "22nd World Seniors Open"]
[Site "Kamena Vourla GRE"]
[Date "2012.11.15"]
[Round "3.21"]
[White "Filipenko,A"]
[Black "Borwell,A"]
[Result "1-0"]
[WhiteElo "2321"]
[BlackElo "2039"]

1.e4 c5 2.Nf3 e6 3.d4 cxd4 4.Nxd4 a6 5.Bd3 Bc5 6.Nb3 Ba7 7.O-O Nc6 8.Qg4 Nf6
9.Qxg7 Rg8 10.Qh6 Ne5 11.Be2 Nxe4 12.Qf4 Nxf2 13.Rxf2 Qb6 14.Nc3 Qxf2+ 15.Qxf2 Bxf2+
16.Kxf2 d5 17.Na4 b5 18.Nb6 Rb8 19.Nxc8 Rxc8 20.c3 Ke7 21.a4 Nc4 22.Nd4 e5
23.Nc2 Rg6 24.Nb4 Rd6 25.a5 d4 26.Bg4 f5 27.Bxf5 Rf8 28.g4 d3 29.Be3 Nxe3
30.Kxe3 d2 31.Rd1 Rfd8 32.Nd3 Rh6 33.Rxd2 Rh3+ 34.Ke4 h6 35.Kxe5 Re3+ 36.Kf4  1-0

[Event "WY BU14 2012"]
[Site "Maribor SLO"]
[Date "2012.11.15"]
[Round "8.50"]
[White "Mamyrbay,Assad"]
[Black "Abbas,Daniel"]
[Result "1-0"]
[WhiteElo "1590"]
[BlackElo "2016"]

1.e4 c5 2.Nf3 e6 3.d4 cxd4 4.Nxd4 a6 5.Bd3 Bc5 6.Nb3 Be7 7.Qg4 g6 8.O-O d6
9.Qe2 Qc7 10.c4 Nd7 11.f4 Ngf6 12.Nc3 O-O 13.Be3 b6 14.Rae1 Bb7 15.Kh1 Rac8
16.Nd2 Rfd8 17.Bg1 Bf8 18.Nf3 Nh5 19.Be3 Nc5 20.Bb1 Bc6 21.Ng5 Qb7 22.Bd4 b5
23.cxb5 axb5 24.b4 Na6 25.a3 Nc7 26.Bd3 Be7 27.Qg4 Bd7 28.Qh4 h6 29.g4 hxg5
30.fxg5 e5 31.gxh5 exd4 32.hxg6 fxg6 33.Qh6 Bf8 34.Qxg6+ Bg7 35.Rf7 Ne6 36.Nd5 Kh8
37.Nf6  1-0

[Event "WY BU14 2012"]
[Site "Maribor SLO"]
[Date "2012.11.16"]
[Round "9.10"]
[White "Savenkov,K"]
[Black "Karthikeyan,M2"]
[Result "0-1"]
[WhiteElo "2162"]
[BlackElo "2329"]

1.e4 c5 2.Nf3 e6 3.d4 cxd4 4.Nxd4 a6 5.Bd3 Nf6 6.O-O Qc7 7.Qe2 d6 8.c4 g6
9.Nc3 Bg7 10.Be3 O-O 11.f3 Nbd7 12.Rac1 b6 13.Rfd1 Bb7 14.Qf2 Rfe8 15.Bf1 Rac8
16.Ndb5 axb5 17.Nxb5 Qb8 18.Nxd6 Bf8 19.Nxe8 Rxe8 20.Kh1 Bd6 21.Qh4 Qc7 22.a3 Ra8
23.Rd2 Ra5 24.c5 bxc5 25.Rcd1 Be5 26.Bg5 Ra4 27.Bb5 Rd4 28.Rxd4 Bxd4 29.b4 Qb6
30.a4 e5 31.bxc5 Bxc5 32.Qe1 Bd4 33.Rb1 Nc5 34.Qh4 Ncxe4 35.fxe4 Nxe4 36.h3 Bf2
37.Bd8 Qe3 38.Qe7 Ng3+ 39.Kh2 Nf1+ 40.Bxf1 Qg3+  0-1

[Event "WY GU18 2012"]
[Site "Maribor SLO"]
[Date "2012.11.16"]
[Round "9.34"]
[White "Perera,Panchali"]
[Black "Forsa,E"]
[Result "1/2-1/2"]
[WhiteElo "1674"]
[BlackElo "1836"]

1.e4 c5 2.Nf3 e6 3.d4 cxd4 4.Nxd4 a6 5.Bd3 Nf6 6.Be3 Qc7 7.O-O Be7 8.Qf3 b6
9.Qg3 Qxg3 10.hxg3 Bb7 11.f3 d6 12.c4 Nbd7 13.Nb3 Nh5 14.Kf2 Bf6 15.Nc3 Bxc3
16.bxc3 Ke7 17.a4 a5 18.Rfb1 Ba6 19.Nd4 Rhc8 20.Nb5 Nhf6 21.Be2 Rab8 22.Rd1 Bxb5
23.axb5 Nc5 24.Bxc5 Rxc5 25.Rd4 Rd8 26.Rad1 Ne8 27.f4 Nc7 28.Rc1 d5 29.exd5 exd5
30.cxd5 Rdxd5 31.Rxd5 Rxd5 32.c4 Rc5 33.Rd1 Ne8 34.Rd4 Nd6 35.g4 a4 36.Ke3 h5
37.Kf3 a3 38.gxh5 a2 39.Rd1 Nxc4 40.Ra1 Na3 41.Rxa2 Nxb5 42.Rb2 Nd4+ 43.Ke3 Nf5+
44.Kf2 Rc6 45.g4 Nd4 46.Ke3 Ne6 47.Rb4 Nc5 48.Bc4 Rd6 49.g5 Kf8 50.Rb1 Ke7  1/2-1/2

[Event "WY GU18 2012"]
[Site "Maribor SLO"]
[Date "2012.11.16"]
[Round "9.10"]
[White "Efroimski,M"]
[Black "Gevorgyan,M"]
[Result "0-1"]
[WhiteElo "2168"]
[BlackElo "2058"]

1.e4 c5 2.Nf3 e6 3.d4 cxd4 4.Nxd4 a6 5.Bd3 Nf6 6.Nc3 Qc7 7.a4 b6 8.Qe2 d6
9.g4 Nc6 10.Nxc6 Qxc6 11.f4 Be7 12.f5 exf5 13.gxf5 Bxf5 14.Bg5 Bg4 15.Qg2 Bh5
16.Kd2 Bg6 17.Rae1 h6 18.Bh4 Ra7 19.Nd5 Qxa4 20.b3 Qd4 21.c3 Qe5 22.Bxf6 Bxf6
23.h4 Bd8 24.Ref1 O-O 25.Rf4 Re8 26.Kc2 h5 27.Rg1 Ra8 28.Qf2 Rc8 29.Kb2 b5
30.Qd4 Rc5 31.b4 Qxd4 32.cxd4 Rxd5 33.exd5 Bxd3 34.Ra1 Be4 35.Rxa6 Bxd5 36.Rf5 Bc4
37.Rxd6 Bxh4 38.Rxh5 Be7 39.Rd7 Bxb4 40.d5 g6 41.Rh2 Re5 42.d6 Rd5 43.Rd8+ Kg7
44.d7 Be7 45.Rdh8 Rxd7 46.R8h7+ Kf6 47.Rf2+ Ke5 48.Kc3 Ra7 49.Rh1  0-1

[Event "WY GU16 2012"]
[Site "Maribor SLO"]
[Date "2012.11.16"]
[Round "9.21"]
[White "Oliveira,Maria"]
[Black "Nur,Nab"]
[Result "1/2-1/2"]
[WhiteElo "1969"]
[BlackElo "1926"]

1.e4 c5 2.Nf3 e6 3.d4 cxd4 4.Nxd4 a6 5.Bd3 Qc7 6.O-O g6 7.Qe2 Bg7 8.Nb3 Ne7
9.f4 d5 10.e5 h5 11.Be3 Nd7 12.N1d2 b6 13.c4 Bb7 14.cxd5 Nxd5 15.Rac1 Qb8
16.Ne4 Bf8 17.Bd4 Nb4 18.Bb1 a5 19.Rfd1 Ba6 20.Qf2 a4 21.Nbd2 Nd3 22.Bxd3 Bxd3
23.Rc3 Bxe4 24.Nxe4 Bc5 25.Nxc5 Nxc5 26.Bxc5 bxc5 27.Qxc5 Qb7 28.b4 axb3
29.Rxb3 Qa6 30.Rbd3 Rc8 31.Qd6 Qxd6 32.Rxd6 O-O 33.Rd7 Ra8 34.R1d2 Ra4 35.R7d4 Rfa8
36.Rxa4 Rxa4 37.g3 Kg7 38.Kf2 Ra3 39.Ke1 Kh6 40.Rf2 g5 41.Kd2 h4 42.fxg5+ Kxg5
43.gxh4+ Kxh4 44.Ke1  1/2-1/2

[Event "WY BU14 2012"]
[Site "Maribor SLO"]
[Date "2012.11.17"]
[Round "10.12"]
[White "Baskin,R"]
[Black "Gu,Christopher"]
[Result "0-1"]
[WhiteElo "2071"]
[BlackElo "2283"]

1.e4 c5 2.Nf3 e6 3.d4 cxd4 4.Nxd4 a6 5.Bd3 Nf6 6.O-O Qc7 7.Qe2 d6 8.c4 g6
9.Nc3 Bg7 10.Nf3 O-O 11.h3 Nc6 12.Bf4 Nd7 13.Rac1 Nce5 14.Rfd1 b6 15.Bb1 Bb7
16.b3 Rfd8 17.Nd4 Rac8 18.Bg5 Bf6 19.Bxf6 Nxf6 20.f4 Ned7 21.Nf3 e5 22.Qd2 Nc5
23.Nd5 Bxd5 24.exd5 Re8 25.fxe5 dxe5 26.Qe3 Qd6 27.Rf1 Ncd7 28.Nd2 Kg7 29.Qf3 Re7
30.Be4 h5 31.g4 hxg4 32.hxg4 Qc5+ 33.Kg2 Nh7 34.Bxg6 Ng5 35.Qf5 Qe3 36.Ne4 Nxe4
37.Bxf7 Qg3+ 38.Kh1 Qh3+ 39.Kg1 Qe3+ 40.Kg2 Qg3+ 41.Kh1 Qh3+ 42.Kg1 Qh1+
43.Kxh1 Ng3+ 44.Kg2 Nxf5 45.Rxf5 Rxf7 46.Rg5+ Kf8 47.Rh1 Ke7 48.Re1 Kd6 49.a3 Re8
50.Re4 Ref8 51.Re3 Kc5 52.Re4 Rf4 53.b4+ Kd6 54.Rg6+ R8f6 55.Rxf6+ Rxf6 56.Kg3 Rg6  0-1

[Event "WY BU18 2012"]
[Site "Maribor SLO"]
[Date "2012.11.17"]
[Round "10.35"]
[White "Alarcon Careaga,Gustavo"]
[Black "Ismailov,M"]
[Result "1-0"]
[WhiteElo "2072"]
[BlackElo "2208"]

1.e4 c5 2.Nf3 e6 3.d4 cxd4 4.Nxd4 a6 5.Bd3 Qc7 6.O-O Nf6 7.c4 g6 8.b3 Bg7
9.Bb2 h5 10.Nd2 g5 11.Qe2 d6 12.N4f3 g4 13.Ng5 Qc5 14.h4 gxh3 15.Nxh3 Nbd7
16.Nf3 Ne5 17.b4 Qc7 18.Nxe5 dxe5 19.f3 h4 20.f4 Nh5 21.Rf3 Bd7 22.Qf2 O-O-O
23.b5 Rdg8 24.bxa6 bxa6 25.Rb1 exf4 26.c5 e5 27.Bxa6+ Kd8 28.Rd1 Ke8 29.c6 Bg4
30.Rb3 Bf6 31.Rc1 Kf8 32.Rb7 Qd6 33.Kh2 Kg7 34.Bc4 Qxc6 35.Rxf7+ Kh6 36.Bd5 Qa4
37.Rc6 Rg6 38.Qb6 Bxh3 39.Rfxf6 Nxf6 40.Rxf6 Qe8 41.Rxg6+ Qxg6 42.Qxg6+ Kxg6
43.Kxh3 Kg5 44.Bxe5 Rc8 45.Bd6 Rc3+ 46.Kh2 Rc2 47.e5 Rd2 48.e6 f3 49.e7 Rxg2+
50.Kh1 Re2 51.Bxf3 Re1+ 52.Kg2 Kf6 53.Bc6 Kf7 54.a4 Rc1  1-0

[Event "22nd World Seniors Open"]
[Site "Kamena Vourla GRE"]
[Date "2012.11.19"]
[Round "7.13"]
[White "Batakovs,O"]
[Black "Pritchett,C"]
[Result "0-1"]
[WhiteElo "2109"]
[BlackElo "2348"]

1.e4 c5 2.Nf3 e6 3.d4 cxd4 4.Nxd4 a6 5.Bd3 Nf6 6.O-O d6 7.Nc3 Nbd7 8.Qe2 Be7
9.Be3 O-O 10.f4 Qc7 11.a4 Nc5 12.f5 e5 13.Nb3 Nxd3 14.Qxd3 Bd7 15.Bg5 Bc6
16.Bxf6 Bxf6 17.Rad1 Rfd8 18.Rf3 Rac8 19.a5 h6 20.Qe2 b5 21.axb6 Qxb6+ 22.Kh1 a5
23.Rb1 Qb4 24.Nd2 Bb7 25.Na2 Qa4 26.Nc3 Qxc2 27.Qd3 Qxd3 28.Rxd3 Bg5 29.Nf3 Rc4
30.Ra1 Bxe4 31.Nxe4 Rxe4 32.Rxa5 Re2 33.Rd1 Rb8 34.Ra2 Rbxb2 35.Rxb2 Rxb2
36.Nxg5 hxg5 37.g4 Rb6 38.Kg2 Kf8 39.Kf3 Ke7 40.h3 Rb3+ 41.Ke4 Rxh3 42.Ra1 Rg3  0-1

[Event "11th Kheireddine Ameyar Mem 2012"]
[Site "Algiers ALG"]
[Date "2012.11.20"]
[Round "8.11"]
[White "Saim,M"]
[Black "Khelfallah,B"]
[Result "1/2-1/2"]
[WhiteElo "1920"]
[BlackElo "2120"]

1.e4 c5 2.Nf3 e6 3.d4 cxd4 4.Nxd4 a6 5.Bd3 Qc7 6.Nc3 Bb4 7.Bd2 Nf6 8.O-O Nc6
9.Nxc6 dxc6 10.Re1 e5 11.a3 Bc5 12.h3 Be6 13.b4 Bd4 14.Rb1 O-O 15.Qf3 Ne8
16.Ne2 Ba7 17.Ng3 Nd6 18.Nf5 f6 19.Qg3 Kh8 20.Kh1 Rad8 21.Rbd1 Qd7 22.Qf3 Rfe8
23.Bc1 Qf7 24.Bb2 Bb8 25.g4 Rf8 26.h4 Qc7 27.Qg3 Qf7 28.Qg2 Nxf5 29.gxf5 Bc4
30.Bxc4 Qxc4 31.Rg1  1/2-1/2

[Event "3rd Thanksgiving Open"]
[Site "Saint Louis USA"]
[Date "2012.11.23"]
[Round "2.1"]
[White "Meier,Geo"]
[Black "Neimer,V"]
[Result "1-0"]
[WhiteElo "2642"]
[BlackElo "2411"]

1.e4 c5 2.Nf3 e6 3.d4 cxd4 4.Nxd4 a6 5.Bd3 Bc5 6.Nb3 Be7 7.Qg4 g6 8.Qe2 d6
9.Na3 Nc6 10.Nc4 b5 11.Ne3 Nf6 12.a4 b4 13.Nc4 O-O 14.a5 Nd7 15.Be3 Nc5 16.O-O Qc7
17.f4 Bb7 18.Nxc5 dxc5 19.c3 Rad8 20.Bc2 Rfe8 21.Bb3 Bf8 22.Ba4 f5 23.e5 h5
24.Rfc1 h4 25.cxb4 Nxb4 26.Nd6 Bxd6 27.exd6 Qxd6 28.Bxe8 Rxe8 29.Bxc5 Qd3
30.Re1 Qxe2 31.Rxe2 Nd3 32.Bd6 Be4 33.Rd2 Rd8 34.Be7 Rd5 35.Bg5 Kf7 36.Ra3 Ne1
37.Rxd5 exd5 38.Kf2 Nd3+ 39.Ke3 Nxb2 40.Kd4 Nc4 41.Ra2 h3 42.gxh3 Ke6 43.h4 Nd6
44.Rb2 Nc4 45.Rb7 Nxa5 46.Rb6+ Kd7 47.Kc5 Bf3 48.Rd6+ Ke8 49.Rxg6 Nb3+ 50.Kb4 Nd2
51.Rxa6 Ne4 52.Re6+ Kf7 53.Re5 d4 54.Rxf5+ Ke6 55.Re5+ Kd6 56.Re8 Kc6 57.Rd8 Nd6
58.Bf6 Kc7 59.Rf8 d3 60.Kc3 Be4 61.Be5 Kd7 62.Bxd6 Kxd6 63.h5 Ke7 64.Rg8 Kf7
65.Rg5  1-0

[Event "3rd Thanksgiving Open"]
[Site "Saint Louis USA"]
[Date "2012.11.24"]
[Round "3.2"]
[White "Brooks,M"]
[Black "Bykhovsky,An ISR"]
[Result "0-1"]
[WhiteElo "2430"]
[BlackElo "2513"]

1.e4 c5 2.Nf3 e6 3.d4 cxd4 4.Nxd4 a6 5.Bd3 Bc5 6.Nb3 Ba7 7.e5 Nc6 8.Qe2 Qc7
9.f4 d6 10.exd6 Qxd6 11.Nc3 Nf6 12.Be3 Bxe3 13.Qxe3 Nb4 14.O-O-O Qc7 15.Kb1 O-O
16.Be4 Bd7 17.a3 Nxe4 18.Qxe4 Nd5 19.Nxd5 exd5 20.Rxd5 Bc6 21.Qc4 Rac8 22.Rd2 Rfe8
23.Rhd1 b5 24.Qb4 Be4 25.Na1 Qxf4 26.Re1 h6 27.Rd4 f5 28.g3 Qf2 29.Qb3+ Kh7
30.Red1 Qxh2 31.Rd7 Rc4 32.a4 Rec8 33.R7d2 Qh5 34.axb5 axb5 35.Rc1 Qe8 36.Re2 Ra8
37.Qe3 Rca4 38.Nb3 Qe6  0-1

[Event "XXVI Belgrade Trophy 2012"]
[Site "Belgrade SRB"]
[Date "2012.11.25"]
[Round "2.23"]
[White "Petrovic,ZoZ"]
[Black "Andrijevic,M"]
[Result "0-1"]
[WhiteElo "2114"]
[BlackElo "2351"]

1.e4 c5 2.Nf3 e6 3.d4 cxd4 4.Nxd4 a6 5.Bd3 Nf6 6.O-O e5 7.Nb3 d6 8.c4 Be7
9.Nc3 O-O 10.f4 exf4 11.Bxf4 Nc6 12.Nd5 Ng4 13.Be2 Nge5 14.Be3 Be6 15.Bb6 Qd7
16.Rc1 Bd8 17.c5 Bxd5 18.exd5 Ne7 19.Qd4 Bxb6 20.cxb6 Rac8 21.Na5 g6 22.Rc3 Nf5
23.Qe4 Rfe8 24.Rfc1 Nc4 25.Qc2 Nd4 26.Rxc4 Nxc2 27.Rxc8 Rxc8 28.Bxa6 Nb4
29.Rxc8+ Qxc8  0-1

[Event "TCh-SVK Extraliga 2012-13"]
[Site "Slovakia SVK"]
[Date "2012.11.25"]
[Round "4.6"]
[White "Sepesi,Samuel"]
[Black "Fiacan,R"]
[Result "0-1"]
[WhiteElo "1924"]
[BlackElo "2138"]

1.e4 c5 2.Nf3 e6 3.d4 cxd4 4.Nxd4 a6 5.Bd3 Qb6 6.Nb3 Qc7 7.Be3 Nf6 8.N1d2 d5
9.Qe2 Be7 10.O-O-O O-O 11.g4 Nc6 12.g5 Nd7 13.h4 Nde5 14.Kb1 Nxd3 15.cxd3 a5
16.Rc1 Qd8 17.d4 a4 18.Nc5 e5 19.exd5 Qxd5 20.dxe5 Bf5+ 21.Ka1 b6 22.Nc4 bxc5
23.Nb6 Qxe5 24.Nxa8 Rxa8 25.Rc3 Nd4 26.Qd1 Nb3+ 27.Rxb3 axb3 28.Qxb3 Be6
29.Qc3 Rxa2+ 30.Kb1 Qe4+  0-1

[Event "9th Vasylyshyn Mem IM"]
[Site "Lviv UKR"]
[Date "2012.11.26"]
[Round "7"]
[White "Terletsky,O"]
[Black "Volovikov,An"]
[Result "1/2-1/2"]
[WhiteElo "2259"]
[BlackElo "2343"]

1.e4 c5 2.Nf3 e6 3.d4 cxd4 4.Nxd4 a6 5.Bd3 Bc5 6.Nb3 Be7 7.Qg4 Bf6 8.Nc3 Ne7
9.Bf4 Nbc6 10.Qg3 Ng6 11.Bd6 Bxc3+ 12.bxc3 Qf6 13.O-O e5 14.Ba3 d6 15.Rad1 Nf4
16.Rfe1 O-O 17.Bf1 Rd8 18.c4 Be6 19.Qe3 b5 20.Qb6 bxc4 21.Qxc6 cxb3 22.cxb3 Rac8
23.Qb6 Rc2 24.Rxd6 Rxd6 25.Bxd6 h5 26.Kh1 h4 27.h3 Nxh3 28.gxh3 Rxf2 29.Kg1 Rxa2
30.Re2 Qg6+ 31.Rg2 Rxg2+ 32.Bxg2 Qg3 33.Qf2 Qxb3 34.Bxe5 Bxh3 35.Qxh4 Qd1+
36.Kh2 Bxg2 37.Kxg2 Qe2+  1/2-1/2

[Event "CCSCSL GM Inv"]
[Site "Saint Louis USA"]
[Date "2012.11.27"]
[Round "3.4"]
[White "Boros,De"]
[Black "Neimer,V"]
[Result "0-1"]
[WhiteElo "2494"]
[BlackElo "2411"]

1.e4 c5 2.Nf3 e6 3.d4 cxd4 4.Nxd4 a6 5.Bd3 Bc5 6.Nb3 Be7 7.Nc3 d6 8.O-O Nf6
9.f4 Nbd7 10.Qf3 Qc7 11.Bd2 b5 12.Rae1 Bb7 13.Kh1 b4 14.Nd1 a5 15.Qh3 g6
16.e5 Nd5 17.Nd4 Qc5 18.Nb3 Qb6 19.Ne3 O-O 20.Ng4 a4 21.Nh6+ Kh8 22.Nc1 Nc5
23.Bc4 Rac8 24.Nd3 Nxd3 25.cxd3 Qc6 26.Rc1 Kg7 27.d4 Qb6 28.f5 exf5 29.Nxf5+ gxf5
30.Qxf5 Rxc4 31.Rxc4 dxe5 32.dxe5 Kh8 33.Bg5 Bxg5 34.Qxg5 Rg8 35.Qd2 Ne3
36.Rxb4 Qc6 37.Rf3 Qxf3  0-1

[Event "XXVI Belgrade Trophy 2012"]
[Site "Belgrade SRB"]
[Date "2012.11.29"]
[Round "6.43"]
[White "Marinkov,S"]
[Black "Manojlovic,Se"]
[Result "1/2-1/2"]
[WhiteElo "1898"]
[BlackElo "2084"]

1.e4 c5 2.Nf3 e6 3.d4 cxd4 4.Nxd4 a6 5.Bd3 Nc6 6.Nxc6 bxc6 7.O-O d5 8.exd5 cxd5
9.Bf4 Nf6 10.Nd2 Bd6 11.Bxd6 Qxd6 12.c4 Bb7 13.cxd5 Bxd5 14.Nc4 Qc7 15.Rc1 O-O
16.Ne3 Qb7 17.Nxd5 Nxd5 18.Qh5 h6 19.Qe5 Qb8 20.Qe4 Nf6 21.Qe2 Rc8 22.Rc4 Rxc4
23.Bxc4 a5 24.Rc1 Qf4 25.Rc2 Rd8 26.g3 Qd4 27.Qe1 Qd1 28.Qxd1 Rxd1+ 29.Kg2 Nd5
30.Bxd5 Rxd5 31.b3 g5 32.f3 Kg7 33.Rb2 Kf6 34.Kf2 h5 35.Ke3 Kf5 36.a3 Ke5
37.f4+ Kf5 38.b4 Rb5 39.a4 Rb7 40.b5 gxf4+ 41.gxf4 e5 42.fxe5 Kxe5 43.Rc2 Kf5
44.Kf3 Kg5 45.Rc4 Rd7 46.h4+ Kf5 47.Rc5+ Ke6 48.Ke4 Rd1 49.Rc6+ Kd7 50.Rc4 Ke6
51.Kf4 Rg1 52.Re4+ Kd5 53.Kf5 Rb1 54.Re5+ Kd6 55.Re4 Kd5 56.Re7 Rb4 57.Kg5 f6+
58.Kxh5 Rxa4 59.b6 Rb4 60.b7 Kc6 61.Kg6 Rxb7  1/2-1/2

[Event "ch-Commonwealth 2012"]
[Site "Chennai IND"]
[Date "2012.11.29"]
[Round "9"]
[White "Rishi,S"]
[Black "Sachdev,T"]
[Result "1-0"]
[WhiteElo "2173"]
[BlackElo "2400"]

1.e4 c5 2.Nf3 e6 3.d4 cxd4 4.Nxd4 a6 5.Bd3 Nf6 6.O-O Qc7 7.Qe2 d6 8.c4 g6
9.Nc3 Bg7 10.Rd1 Nc6 11.Nf3 Nd7 12.Bf4 O-O 13.Rac1 Nde5 14.b3 Bd7 15.Bb1 Rad8
16.h3 Qb8 17.Be3 Nxf3+ 18.Qxf3 b5 19.cxb5 axb5 20.Qe2 Ne7 21.Qd2 Bc6 22.Ne2 Ba8
23.Qa5 Rc8 24.Nd4 b4 25.Nb5 Nc6 26.Qa6 d5 27.exd5 exd5 28.Rxd5 Ne7 29.Rxc8 Rxc8
30.Rd1 Qe5 31.Qd6 Qxb5 32.Qxe7 h5 33.Rd8+  1-0